000 00495nam a2200169Ia 4500
008 230718s9999 xx 000 0 und d
020 _a9780262018029
041 _aeng
082 _a006.31
_bMUR
100 _aMurphy K.P.
_9201617
245 _aMachine Learning
_bA Probabilistic Perspective
260 _c2012
_bThe MIT Press
300 _a1071
_dRef 1760 E (60986)
365 _cRs.
_b7791.00
700 _aMurphy K.P.
_9201617
906 _dO:0644513-Mar-2019B:511004-Feb-2019
_cBETC
_b1947.75
999 _c349779
_d349779